Canterbury Christ Church College- UG Prospectus 1999 (Record no. 195068)
[ view plain ]
| 000 -LEADER | |
|---|---|
| fixed length control field | 00606 a2200157 4500 |
| 003 - CONTROL NUMBER IDENTIFIER | |
| control field | Nust |
| 005 - DATE AND TIME OF LATEST TRANSACTION | |
| control field | 20170207154215.0 |
| 040 ## - CATALOGING SOURCE | |
| Transcribing agency | Nust |
| 082 ## - DEWEY DECIMAL CLASSIFICATION NUMBER | |
| Classification number | 378.4 |
| 245 ## - TITLE STATEMENT | |
| Title | Canterbury Christ Church College- UG Prospectus 1999 |
| Statement of responsibility, etc. | Canterbury Christ Church College |
| 260 ## - PUBLICATION, DISTRIBUTION, ETC. | |
| Place of publication, distribution, etc. | Canterbury |
| Name of publisher, distributor, etc. | Canterbury Christ Church College |
| Date of publication, distribution, etc. | 1999 |
| 300 ## - PHYSICAL DESCRIPTION | |
| Extent | 161 p. |
| 505 ## - FORMATTED CONTENTS NOTE | |
| Formatted contents note | About the College (page-4) The City of Canterbury (page-7) Student Life (page-12) International Students (page-17) Programmes (page 19-136) Techer Education Programmes (page 119-136) |
| 538 ## - SYSTEM DETAILS NOTE | |
| System details note | Almirah No. 117 shelf No. 1 |
| 650 ## - SUBJECT ADDED ENTRY--TOPICAL TERM | |
| Topical term or geographic name entry element | UG prospectus |
| 942 ## - ADDED ENTRY ELEMENTS (KOHA) | |
| Source of classification or shelving scheme | |
| Koha item type | Book |
| Withdrawn status | Lost status | Source of classification or shelving scheme | Damaged status | Not for loan | Collection code | Permanent Location | Current Location | Date acquired | Total Checkouts | Full call number | Barcode | Date last seen | Price effective from | Koha item type |
|---|---|---|---|---|---|---|---|---|---|---|---|---|---|---|
| Military College of Signals (MCS) | Military College of Signals (MCS) | 12/12/2016 | 378.4 CAN | MCSPS-5 | 12/08/2016 | 12/12/2016 | Book |
